8 People from North Dakota Quiz Stats

 Plays Quiz not verified by Sporcle

Challenge
Share
Tweet
Embed
Score 0/8 Timer 04:00
0 Plays Today
One-Line Bio Person % Correct
'Black and Yellow,' 'See You Again' rapperWiz Khalifa
45.7%
ABC music show host ('51-82); Rerun on PBSLawrence Welk
42.9%
Actress of 'Police Woman,' 'Rio Bravo'Angie Dickinson
42.9%
NM governor ('95-03); Libertarian candidateGary Johnson
34.3%
Longtime U of Arizona b-ball coach ('83-08)Lute Olson
28.6%
Actress of 'Iron Man,' 'Talladega Nights,' et alLeslie Bibb
28.6%
Actor of 'Transformers' films, 'Las Vegas'Josh Duhamel
25.7%
Actor of 'Twilight' saga; 'Immortals,' et al.Kellan Lutz
11.4%

You're not logged in!

Compare scores with friends on all Sporcle quizzes.
Join for Free
OR
Log In

You Might Also Like...

Show Comments

Extras

Top Quizzes Today


Score Distribution

Your Account Isn't Verified!

In order to create a playlist on Sporcle, you need to verify the email address you used during registration. Go to your Sporcle Settings to finish the process.

Report this User

Report this user for behavior that violates our Community Guidelines.

Details: